Central Library OPAC University of Rajshahi

Information bulletins in special libraries: (Record no. 886)

MARC details
000 -LEADER
fixed length control field 00878cam a22002771 4500
001 - CONTROL NUMBER
control field 886
003 - CONTROL NUMBER IDENTIFIER
rucl marc code BD-RjUL
005 - DATE AND TIME OF LATEST TRANSACTION
control field 20211208233237.0
008 - FIXED-LENGTH DATA ELEMENTS--GENERAL INFORMATION
fixed length control field 131123s1966 enkah b 001 0 eng d
035 ## - SYSTEM CONTROL NUMBER
System control number (BD-RjUL)908
System control number (OCoLC)861535
040 ## - CATALOGING SOURCE
Original cataloging agency DLC
Transcribing agency OTU
Modifying agency OCoLC
-- Uk
-- BD-RjUL
Language of cataloging eng
041 ## - LANGUAGE CODE
Language code of text/sound track or separate title eng
082 ## - DEWEY DECIMAL CLASSIFICATION NUMBER
Classification number 026
Edition number 16
Author mark and year WAI 1966
100 1# - MAIN ENTRY--PERSONAL NAME
Personal name Walker, Jesse Richard Anthony.
9 (RLIN) 2645
245 10 - TITLE STATEMENT
Title Information bulletins in special libraries:
Remainder of title background, problems and practice,
Statement of responsibility, etc. by J.R.A. Walker.
260 ## - PUBLICATION, DISTRIBUTION, ETC. (IMPRINT)
Place of publication, distribution, etc. London,
Name of publisher, distributor, etc. Library Association,
Date of publication, distribution, etc. c1966.
300 ## - PHYSICAL DESCRIPTION
Pagination viii, 128 p.:
Illustrations facsims., diagrs.
Size 22 cm.
504 ## - BIBLIOGRAPHY, ETC. NOTE
Bibliography, etc Bibliography: p. 95-100.
650 #0 - SUBJECT ADDED ENTRY--TOPICAL TERM
Topical term or geographic name as entry element Special libraries
Geographic subdivision Great Britain.
9 (RLIN) 2279
Topical term or geographic name as entry element Libraries
General subdivision Periodicals.
9 (RLIN) 2646
710 2# - ADDED ENTRY--CORPORATE NAME
Corporate name or jurisdiction name as entry element Library Association.
9 (RLIN) 2647
942 ## - ADDED ENTRY ELEMENTS (KOHA)
Source of classification or shelving scheme Dewey Decimal Classification
Koha item type Books
Holdings
Lost status Source of classification or shelving scheme Damaged status Not for loan Collection code Permanent Location Current Location Shelving location Date acquired Source of acquisition Cost, normal purchase price Total Checkouts Full call number Date last seen Copy number Koha item type
  Dewey Decimal Classification     Non-fiction Central Library, University of Rajshahi Central Library, University of Rajshahi   28/12/1970 Swets & Zeit 36.00   026 WAI 1966 23/11/2013 C-2 Books
  Dewey Decimal Classification   Not For Loan Non-fiction Central Library, University of Rajshahi Central Library, University of Rajshahi   28/12/1970 Swets & Zeit 36.00   026 WAI 1966 23/11/2013 C-1 Books